Tintin - Personnages du Sceptre d'Ottokar - Mort subite - Statistiques

Statistiques générales
  • Ce quiz a été pris 199 fois
  • Le résultat moyen est 4 sur 11
Answers on the Grid
Answers color-coded by a green-red scale on the quiz's grid according to % correct below.
Le capitaine Archibald Haddock
Dupond et Dupont
Le professeur Tryphon Tournesol
Bianca Castafiore
Roberto Rastapopoulos
Le général Alcazar
Nestor
Séraphin Lampion
Igor Wagner
Le docteur J.W. Muller
Frank Wolff
Boris Jorgen
Baxter
Nestor Halambique
Alfred Halambique
Irma
Kaviarovitch
Kavitch
Le colonel Sponsz
Muskar XII
Mme Pinson
Laszlo Carreidas
Edgar Pierre Jacobs
Hergé
 
Statistiques - réponses
Réponse % Correct
Dupond et Dupont
83%
Bianca Castafiore
65%
Nestor Halambique
51%
Alfred Halambique
48%
Boris Jorgen
44%
Muskar XII
37%
Igor Wagner
31%
Kaviarovitch
18%
Hergé
15%
Mme Pinson
13%
Edgar Pierre Jacobs
6%
Aucun quiz correspondant
Distribution des résultats
% des personnes avec chaque résultat
Percentile par nombre de réponses
Votre historique - résultats
Vous n’avez pas pris ce quiz